000 00860nam a22002657a 4500
999 _c14610
_d14610
003 AR-CdUCM
008 190424b ||||| |||| 00| 0 spa d
020 _a978-84-9825-976-6
040 _aMUNICIPALIDAD PROVINCIAL DEL CUSCO
_cBIBLIOTECA MUNICIPAL DEL CUSCO
082 _aPI / 376.1 /
_bC73
100 _aAlsina, Angel
_933457
110 _aCombel
_932671
245 _aMate Cracks :
_b¡Para ser unos buenos matematicos ! 3 años /
260 _aBarcelona :
_bCombel editorial,
_c2015.
300 _a32 paginas ;
_bIlustraciones, graficos, dibujos
_c 28 cm.
440 _aCombel
_n4
_933458
500 _aTexto de aprendizaje
650 _aMatematica
_920026
650 _aTextos
_94584
700 _aAlsina, Angel
_933457
700 _aSales, Jordi
_933459
856 _fwww.combeleditorial.com
942 _2ddc
_cLIBROS
945 _apjha
_d2019-04-24